Biblioteca

Responsabilidad cristiana frente a la violencia (Registro nro. 51835)

Detalles MARC
000 -LÍDER
Campo fijo de descripción fija 01317aab a2200193 i 4500
001 - NÚMERO DE CONTROL
Campo de control 768714001
003 - IDENTIFICADOR DEL NÚMERO DE CONTROL
Campo de control CO-MdFUSB
005 - FECHA Y HORA DE LA ULTIMA TRANSACCIÓN
control field 20240322112626.0
008 - ELEMENTOS DE LONGITUD FIJA -- INFORMACIÓN GENERAL
Campo fijo de descripción fija -- Información general 240322t1989 ag ||||| |||| 00| 0 spa d
040 ## - FUENTE DE CATALOGACIÓN
Idioma de catalogación spa
Agencia que realiza la transcripción CO-MdFUSB
041 ## - CÓDIGO DE IDIOMA
Código de idioma para texto/pista de sonido o título separado spa
100 1# - ASIENTO PRINCIPAL--NOMBRE PERSONAL
Nombre personal Deiros, Pablo A. (Alberto) (1945-)
Término relacionador autor
245 10 - TÍTULO
Título Responsabilidad cristiana frente a la violencia
Mención de responsabilidad / Pablo A. Deiros
300 ## - DESCRIPCIÓN FÍSICA
Extensión Volumen 8, número 3 (septiembre, 1989), páginas: 12 - 17
Dimensiones ; 27 cm
520 ## - NOTA DE RESUMEN, ETC.
Nota de sumario, etc. Es también violencia el marginamiento social, el hambre, la reprensión indiscriminada por parte de estados autoritarios, la falta de oportunidades de educación, la carencia de medicamentos, el descuido de los ancianos, el prejuicio racial, el lavado cerebral a través de los medios masivos de comunicación, el armamentismo, y miles de otros flagelos que agobian a las sociedades modernas.<br/>La violencia se ha hecho presente en la historia humana bajo diferentes disfraces. Incluso ha vestido el hábito religioso, como en el caso de las "guerras santas" que pretendieron justificar la violencia con el argumento de que era "el cumpliemitno de la voluntad divina".
650 #7 - ASIENTO SECUNDARIO DE MATERIA - TERMINO TEMÁTICO
Término temático o nombre geográfico como elemento de entrada Violencia
9 (RLIN) 2121
773 0# - ASIENTO DE ITEM FUENTE
Título Iglesia y Misión
Biblionumber 49402
Itemnumber 59672
Parte(s) relacionada(s) / Volumen., número. (mes año), páginas Volumen 8, número 3 (septiembre, 1989), páginas: 12 - 17
Enumeración y primera página páginas: 12
942 ## - TIPO DE MATERIAL (KOHA)
Tipo de Item KOHA Artículos de Revista

No hay ítems disponibles.

Biblioteca FUSBC | Teléfono: (57+4) 349 88 10 Ext. 141| WhatsApp (+57) 3005338115 
E-mail: biblioteca@unisbc.edu.co | Calle 76 87-14 Robledo Palenque, Medellín, Colombia

Con tecnología Koha